00336 2200145 4500001002100000005001500021035002000036245004000056100001800096300001100114260003100125082000800156084001400164990001200178INLIS00000000000230920250528085237 a0010-05250006011 aNewton & Gravitasi /cPaul Stratern0 aPaul Stratern a90 hlm aJakarta :bErlangga,c2002 a500 a500 PAU n a0713092